Statistics for Satellite Images Quiz #4

Click here to take the quiz!

General Stats

  • This quiz has been taken 52,898 times
    (35,285 since last reset)
  • The average score is 9 of 17

Answer Stats

Answer% Correct
Alaska
96%
Scandinavia
88%
Ireland
85%
Dubai
78%
English Channel
66%
Lake Michigan
64%
Yucatan
51%
Wales
50%
Hispaniola
45%
Lake Victoria
40%
Corsica
39%
Crimea
35%
Canary Islands
32%
Hokkaido
29%
Falkland Islands
28%
Kamchatka
27%
Great Bear Lake
13%

Score Distribution

Percentile by Number Answered

Percent of People with Each Score

Your Score History

You have not taken this quiz since the last reset